000 00921nam a2200241 a 4500
001 000027330
005 20250204073952.0
008 110331s1974 dr ac 001 0 spa d
040 _aDO-SdBNP
_bspa
_cBNPHU
082 _a610.92
_bD159m
100 1 _aDamirón Ricart, Arturo
_954408
245 1 0 _aMis bodas de oro con la medicina /
_cA. Damirón Ricart ; prólogo Mariano Lebrón Saviñón.
260 _aSanto Domingo :
_bLibrería Dominicana,
_c1974.
300 _a207 p. ;
_c22 cm.
490 1 _aColección Pensamiento Dominicano
_v52
590 _aInventariado,2018/DG
650 4 _aMédicos dominicanos
_918220
650 4 _aCirujanos
_xRepública dominicana
_954264
650 4 _aMedicina
_xRepública dominicana
_xRelatos personales
_954265
700 1 _aLebrón Saviñon, Mariano
_d1922-2014
_epról.
_97227
830 0 _aColección Pensamiento Dominicano
_v52
_954409
910 _aValidado. Control de calidad EMS.
999 _c26822
_d26822